| 000 | 00786nam a2200181Ia 4500 | ||
|---|---|---|---|
| 008 | 151202s9999||||xx |||||||||||||| ||und|| | ||
| 082 | _bPNVM-60210 | ||
| 100 | _aअर्ल स्टनले गार्डनर अनु. भावे अर्पणा. | ||
| 245 | _aपछाडलेला नवरा. | ||
| 260 | _bनिशिगंाा प्रकाशन पुणे. | ||
| 260 | _c60210 | ||
| 300 | _a184 | ||
| 600 | _aअर्ल स्टनले गार्डनर अनु. भावे अर्पणा. | ||
| 630 | _aपछाडलेला नवरा. | ||
| 700 | _aअर्ल स्टनले गार्डनर अनु. भावे अर्पणा. | ||
| 730 | _aपछाडलेला नवरा. | ||
| 942 | _cBOOK | ||
| 999 |
_c1326744 _d1326741 |
||